000 00982 a2200241 4500
001 34099
005 20260407155630.0
008 260407a2013 arg spa d
003 AR-UNSa-BCEJYS
040 _aAR-UNSa-BCEJYS
_bspa
_cAR-UNSa-BCEJYS
080 _a371.2
_xOrganización de las instituciones educativas y de la enseñanza
245 1 0 _aInstituciones educativas
_pdinámicas institucionales en situaciones críticas
020 _a978-950-12-3249-3
250 _a1a ed., 8a. reimp.
264 1 _aBuenos Aires :
_bPaidós
_c2013
300 _a305 p.
_c22 cm.
505 _a1. Análisis de las instituciones educativas - 2. Dinámicas institucionales en situaciones críticas - 3. Prácticas institucionales en el espacio educativo
041 _aspa
942 _cBK
590 _aniveau_biblio:m niveau_hierar:0
100 1 _aFernández, Lidia M.
856 4 1 _uhttps://biblioeco.unsa.edu.ar/pmb/images/libros/instituciones_educativas.jpg
_yImagen de portada
_qimage/jpeg
999 _c2415
_d2415